000
00322nam a2200121Ia 4500
008
190802s9999 xx 000 0 und d
020
_a
978-969-664-021-9
100
_a
Prof. Sabahat H.
245
0
_a
Mastering The Art of Prices Writing And Comprehension
260
_a
Karachi
_b
World Times
300
_a
200:p
942
_c
BK
999
_c
2562
_d
2562